Catálogo
 En Linea

Cuentos folklóricos chilenos : (Registro nro. 11661)

Detalles MARC
000 -CABECERA
campo de control de longitud fija 00876cam a2200265 a 4500
001 - NÚMERO DE CONTROL
campo de control 000011992
005 - FECHA Y HORA DE LA ÚLTIMA TRANSACCIÓN
campo de control 20200929162640.0
008 - DATOS DE LONGITUD FIJA--INFORMACIÓN GENERAL
campo de control de longitud fija 750416s1978 cl a f000 j spas
035 ## - NÚMERO DE CONTROL DEL SISTEMA
Número de control de sistema (DLC) 74225269
035 ## - NÚMERO DE CONTROL DEL SISTEMA
Número de control de sistema (OCoLC)1280979
040 ## - FUENTE DE LA CATALOGACIÓN
Centro catalogador/agencia de origen DO-SdBNP
Lengua de catalogación spa
Centro/agencia transcriptor NIC
Centro/agencia modificador CLU
-- BNPHU
082 ## - NÚMERO DE LA CLASIFICACIÓN DECIMAL DEWEY
Número de clasificación Ch863.4
Número de documento/Ítem P657c, 1978
049 ## - FONDOS LOCALES (OCLC)
Fondos de biblioteca BNGR
100 1# - ENTRADA PRINCIPAL--NOMBRE DE PERSONA
Nombre de persona Pino Saavedra, Yolando,
Fechas asociadas al nombre 1901-1992.
9 (RLIN) 28385
245 10 - MENCIÓN DE TÍTULO
Título Cuentos folklóricos chilenos :
Resto del título primera antología. /
Mención de responsabilidad, etc. Yolando Pino-Saavedra.
250 ## - MENCIÓN DE EDICIÓN
Mención de edición 3a ed.
260 ## - PUBLICACIÓN, DISTRIBUCIÓN, ETC.
Lugar de publicación, distribución, etc. Santiago, (Chile) :
Nombre del editor, distribuidor, etc. Universitaria,
Fecha de publicación, distribución, etc. 1978.
300 ## - DESCRIPCIÓN FÍSICA
Extensión 193 p. :
Otras características físicas il. ;
Dimensiones 19 cm.
490 1# - MENCIÓN DE SERIE
Mención de serie Cormoran
-- Imágen de Chile
650 #4 - PUNTO DE ACCESO ADICIONAL DE MATERIA--TÉRMINO DE MATERIA
Término de materia o nombre geográfico como elemento de entrada Cuentos chilenos
Subdivisión de forma COLECCIONES
9 (RLIN) 28386
650 #4 - PUNTO DE ACCESO ADICIONAL DE MATERIA--TÉRMINO DE MATERIA
Término de materia o nombre geográfico como elemento de entrada Literatura folclórica
9 (RLIN) 1529
650 #4 - PUNTO DE ACCESO ADICIONAL DE MATERIA--TÉRMINO DE MATERIA
Término de materia o nombre geográfico como elemento de entrada Literatura chilena
9 (RLIN) 3164
830 #0 - PUNTO DE ACCESO ADICIONAL DE SERIE-TÍTULO UNIFORME
Título uniforme Cormoran ;
Nombre de parte o sección de la obra Imágen de Chile.
9 (RLIN) 28387
910 ## - DATOS DE OPCIÓN DEL USUARIO (OCLC)
Datos de opción del usuario Catalogación derivada
Existencias
Estado de retiro Estado de pérdida Restricciones de uso No para préstamo Código de colección Localización permanente Ubicación/localización actual Ubicación en estantería Fecha de adquisición Número de inventario Total de préstamos Signatura topográfica completa Código de barras Fecha visto por última vez Precio válido a partir de Tipo de ítem Koha
    Préstamo interno   Monografías: Libros y Folletos General General En catalogación 02.11.2009 LF1   Ch863.4 P657c, 1978 11992-10 25.06.2020 25.06.2020 Préstamo interno

Con tecnología Koha